[Event "Tal Memorial 2010"]
[Site "Moscu RUS"]
[Date "2010.11.06"]
[Round "2.2"]
[White "Kramnik, Vladimir"]
[Black "Grischuk, Alexander"]
[Result "1/2-1/2"]
[WhiteElo "2791"]
[BlackElo "2771"]
[PlyCount "77"]
[EventDate "2010.11.05"]
[EventType "tourn"]
[EventRounds "9"]
[EventCountry "RUS"]
[EventCategory "21"]
[Source "lmi"]
[SourceDate "2010.11.05"]

1. Nf3 d5 2. d4 Nf6 3. c4 e6 4. Nc3 Be7 5. Bg5 h6 6. Bxf6 Bxf6 7. e3 O-O 8. Qc2
Na6 9. a3 c5 10. Rd1 dxc4 11. Bxc4 cxd4 12. exd4 Bd7 13. O-O Rc8 14. Ba2 Bc6
15. Ne5 Bxe5 16. dxe5 Qh4 17. f4 Rcd8 18. Rd6 Nc7 19. Qd3 g6 20. Rd1 Rxd6 21.
Qxd6 Nb5 22. Nxb5 Bxb5 23. Qc5 Be2 24. g3 Qh3 25. Re1 Bf3 26. Qf2 Bc6 27. Qf1
Qxf1+ 28. Rxf1 Rd8 29. Bb3 Rd3 30. Bc2 Rd2 31. Rf2 Rd4 32. Kf1 Kf8 33. Ke2 Ke7
34. Ke3 Rc4 35. Bd3 Rc1 36. Rf1 Rc5 37. Rf2 Rc1 38. Rf1 Rc5 39. Rf2 1/2-1/2

[Event "Tal Memorial 2010"]
[Site "Moscu RUS"]
[Date "2010.11.06"]
[Round "2.3"]
[White "Wang, Hao"]
[Black "Aronian, Levon"]
[Result "1/2-1/2"]
[WhiteElo "2727"]
[BlackElo "2801"]
[PlyCount "78"]
[EventDate "2010.11.05"]
[EventType "tourn"]
[EventRounds "9"]
[EventCountry "RUS"]
[EventCategory "21"]
[Source "lmi"]
[SourceDate "2010.11.05"]

1. d4 Nf6 2. c4 e6 3. Nf3 d5 4. g3 Be7 5. Bg2 O-O 6. O-O dxc4 7. Qc2 a6 8. a4
Bd7 9. Qxc4 Bc6 10. Bg5 h6 11. Bxf6 Bxf6 12. Nc3 Bxf3 13. Bxf3 c6 14. Qb3 Qc7
15. Rfd1 a5 16. Rac1 Bg5 17. e3 Qe7 18. h4 Bf6 19. Be2 Qb4 20. Qc2 Rd8 21. h5
Nd7 22. Ne4 Be7 23. b3 Nf6 24. Nxf6+ Bxf6 25. Qc4 Be7 26. f4 Rd7 27. Bf3 Ra6
28. Qc2 Ra8 29. Kg2 Rad8 30. Qc4 Kf8 31. Be4 Ke8 32. Kf3 Rc7 33. g4 Qb6 34. Qc2
Kd7 35. Bd3 Kc8 36. Bc4 Qb4 37. Qd2 Qb6 38. Qc2 Qb4 39. Qd2 Qb6 1/2-1/2

[Event "Tal Memorial 2010"]
[Site "Moscu RUS"]
[Date "2010.11.08"]
[Round "4.5"]
[White "Karjakin, Sergey"]
[Black "Shirov, Alexei"]
[Result "1/2-1/2"]
[WhiteElo "2760"]
[BlackElo "2735"]
[PlyCount "126"]
[EventDate "2010.11.05"]
[EventType "tourn"]
[EventRounds "9"]
[EventCountry "RUS"]
[EventCategory "21"]
[Source "lmi"]
[SourceDate "2010.11.05"]

1. e4 e5 2. Nf3 Nc6 3. Bb5 a6 4. Ba4 Nf6 5. O-O b5 6. Bb3 Bc5 7. c3 d6 8. d4
Bb6 9. Be3 O-O 10. Nbd2 Bg4 11. h3 Bh5 12. Bg5 exd4 13. Bd5 dxc3 14. Bxc6 cxd2
15. Bxa8 Qxa8 16. Bxf6 gxf6 17. Qxd2 Qxe4 18. Rfe1 Qf5 19. Nh4 Qg5 20. Qxg5+
fxg5 21. Nf5 Bg6 22. Ne7+ Kg7 23. Nd5 Rb8 24. Rad1 Kf8 25. g4 c5 26. h4 gxh4
27. f4 f5 28. g5 Bf7 29. Nf6 c4+ 30. Kg2 Rd8 31. Nxh7+ Kg7 32. Nf6 b4 33. Re7
c3 34. bxc3 bxc3 35. Nd7 Ba5 36. g6 Kxg6 37. Kh3 Rxd7 38. Rxd7 Bb4 39. Kxh4
Bxa2 40. R1xd6+ Bxd6 41. Rxd6+ Kf7 42. Rc6 a5 43. Rxc3 a4 44. Rc6 Ke7 45. Kg3
Kd7 46. Ra6 Bb3 47. Kf2 Kc7 48. Ke1 Kb7 49. Rh6 Kc7 50. Kd2 a3 51. Kc3 a2 52.
Kb2 Kd7 53. Ra6 Bc4 54. Ra5 Be6 55. Ra7+ Kc6 56. Ra6+ Kd7 57. Kc3 Kc7 58. Kd4
Kb7 59. Ra3 Kb6 60. Ke5 Bc4 61. Kxf5 Kc5 62. Kg6 Kb4 63. Rxa2 Bxa2 1/2-1/2

[Event "Tal Memorial 2010"]
[Site "Moscu RUS"]
[Date "2010.11.10"]
[Round "5.3"]
[White "Grischuk, Alexander"]
[Black "Mamedyarov, Shakhriyar"]
[Result "1/2-1/2"]
[WhiteElo "2771"]
[BlackElo "2763"]
[PlyCount "97"]
[EventDate "2010.11.05"]
[EventType "tourn"]
[EventRounds "9"]
[EventCountry "RUS"]
[EventCategory "21"]
[Source "lmi"]
[SourceDate "2010.11.05"]

1. d4 Nf6 2. c4 g6 3. f3 d5 4. cxd5 Nxd5 5. e4 Nb6 6. Nc3 Bg7 7. Be3 O-O 8. Qd2
Nc6 9. O-O-O Qd6 10. h4 Rd8 11. Nb5 Qd7 12. h5 a6 13. Nc3 Nxd4 14. hxg6 fxg6
15. g4 Qc6 16. Qf2 Ne6 17. Rxd8+ Nxd8 18. Nge2 Nf7 19. Qh4 h6 20. Qxe7 Qd7 21.
Qxd7 Bxd7 22. Bg2 Nc4 23. Bf2 Bb5 24. Nd4 Nce5 25. Be3 Bd7 26. Rd1 Rf8 27. Nd5
Kh7 28. Kb1 Nc4 29. Bc1 c6 30. Nc3 Bc8 31. Bf1 Nce5 32. Be2 c5 33. Nc2 b5 34.
Nd5 c4 35. Nce3 Nd3 36. Bxd3 cxd3 37. f4 Nd6 38. f5 gxf5 39. exf5 Ne4 40. Nf4
Nf6 41. Nxd3 Re8 42. Rg1 Bf8 43. g5 hxg5 44. Rxg5 Bh6 45. Rg6 Bxe3 46. Rxf6 Kg7
47. Rd6 Bxf5 48. Bxe3 Rxe3 49. Kc2 1/2-1/2

[Event "Tal Memorial 2010"]
[Site "Moscu RUS"]
[Date "2010.11.11"]
[Round "6.4"]
[White "Karjakin, Sergey"]
[Black "Grischuk, Alexander"]
[Result "1/2-1/2"]
[WhiteElo "2760"]
[BlackElo "2771"]
[PlyCount "91"]
[EventDate "2010.11.05"]
[EventType "tourn"]
[EventRounds "9"]
[EventCountry "RUS"]
[EventCategory "21"]
[Source "lmi"]
[SourceDate "2010.11.05"]

1. e4 c5 2. Nf3 d6 3. d4 cxd4 4. Nxd4 Nf6 5. Nc3 a6 6. Be3 Ng4 7. Bg5 h6 8. Bh4
g5 9. Bg3 Bg7 10. h3 Ne5 11. Nf5 Bxf5 12. exf5 Nbc6 13. Nd5 e6 14. fxe6 fxe6
15. Ne3 Qa5+ 16. c3 Nf3+ 17. Qxf3 Bxc3+ 18. Kd1 Qa4+ 19. Nc2 Bxb2 20. Rc1 Rc8
21. Bd3 Rf8 22. Qg4 Nd4 23. Re1 Qxa2 24. Re4 Bxc1 25. Rxd4 Bf4 26. Bxf4 Rxf4
27. Rxf4 gxf4 28. Qg8+ Kd7 29. Qf7+ Kd8 30. Qf8+ Kd7 31. Qxf4 Qd5 32. Qf7+ Kd8
33. Ke2 Rxc2+ 34. Bxc2 Qe5+ 35. Kd2 Qa5+ 36. Kd1 Qa1+ 37. Ke2 Qe5+ 38. Kd3 Qd5+
39. Kc3 Qc5+ 40. Kb2 Qe5+ 41. Kc1 Qe1+ 42. Kb2 Qe5+ 43. Kb3 Qb5+ 44. Kc3 Qc5+
45. Kd2 Qa5+ 46. Ke2 1/2-1/2

[Event "Tal Memorial 2010"]
[Site "Moscu RUS"]
[Date "2010.11.11"]
[Round "6.5"]
[White "Shirov, Alexei"]
[Black "Aronian, Levon"]
[Result "1/2-1/2"]
[WhiteElo "2735"]
[BlackElo "2801"]
[PlyCount "65"]
[EventDate "2010.11.05"]
[EventType "tourn"]
[EventRounds "9"]
[EventCountry "RUS"]
[EventCategory "21"]
[Source "lmi"]
[SourceDate "2010.11.05"]

1. e4 e5 2. Nf3 Nc6 3. Bb5 a6 4. Ba4 Nf6 5. O-O Be7 6. Re1 b5 7. Bb3 O-O 8. c3
d5 9. exd5 Nxd5 10. Nxe5 Nxe5 11. Rxe5 c6 12. d4 Bd6 13. Re1 Qh4 14. g3 Qh3 15.
Be3 Bg4 16. Qd3 Rae8 17. Nd2 Qh5 18. a4 Re6 19. axb5 axb5 20. Nf1 Bf5 21. Qd2
Bh3 22. Bd1 Qg6 23. Bc2 Qh5 24. Bd1 Qg6 25. Bc2 Qh5 26. Qd1 Bg4 27. Qd3 f5 28.
Bd2 f4 29. Rxe6 Bxe6 30. Bd1 Qf7 31. Bc2 Qh5 32. Bd1 Qf7 33. Bc2 1/2-1/2

[Event "Tal Memorial 2010"]
[Site "Moscu RUS"]
[Date "2010.11.12"]
[Round "7.2"]
[White "Grischuk, Alexander"]
[Black "Shirov, Alexei"]
[Result "1/2-1/2"]
[WhiteElo "2771"]
[BlackElo "2735"]
[PlyCount "176"]
[EventDate "2010.11.05"]
[EventType "tourn"]
[EventRounds "9"]
[EventCountry "RUS"]
[EventCategory "21"]
[Source "lmi"]
[SourceDate "2010.11.05"]

1. d4 d5 2. Nf3 c6 3. c4 Nf6 4. Nc3 e6 5. Bg5 Nbd7 6. e3 Qa5 7. Nd2 Bb4 8. Qc2
O-O 9. Be2 c5 10. O-O cxd4 11. Nb3 Qb6 12. Na4 Qc7 13. Nxd4 dxc4 14. Bxc4 Bd6
15. Rac1 Bxh2+ 16. Kh1 Bd6 17. Nb5 Qc6 18. Nxd6 Qxd6 19. Rfd1 Qe5 20. Bf4 Qa5
21. b4 Qxb4 22. Bd6 Qa5 23. Bxf8 Nxf8 24. Bb3 Qh5+ 25. Kg1 Bd7 26. Qc7 Bc6 27.
Qh2 Qg5 28. Rc5 Qg6 29. Qh3 N8d7 30. Bc2 Be4 31. Bxe4 Qxe4 32. Nc3 Qb4 33. Rc7
Qa5 34. Rcxd7 Nxd7 35. Rxd7 Qxc3 36. Qf3 Rf8 37. g3 Qa1+ 38. Kg2 Qxa2 39. Qxb7
a5 40. Qb5 Qc2 41. Kg1 Qc1+ 42. Kh2 Qe1 43. Kg2 h6 44. Ra7 Qc3 45. Rxa5 Rd8 46.
Ra7 Qf6 47. Qc6 Qg6 48. Rc7 h5 49. Qa4 e5 50. Qc6 f6 51. Qe6+ Kh7 52. Qf7 e4
53. Qxg6+ Kxg6 54. Re7 f5 55. Re6+ Kg5 56. f4+ exf3+ 57. Kxf3 Ra8 58. Rb6 Ra4
59. Rb7 g6 60. Rb6 h4 61. gxh4+ Rxh4 62. Re6 Ra4 63. Rb6 Re4 64. Ra6 Kh6 65.
Rb6 Kg7 66. Ra6 g5 67. Rb6 Kf7 68. Ra6 g4+ 69. Kf2 Rb4 70. Kg3 Re4 71. Kf2 Re6
72. Ra8 Kf6 73. Rf8+ Ke5 74. Ra8 Rh6 75. Re8+ Kf6 76. Rf8+ Ke6 77. Re8+ Kf7 78.
Re5 Kf6 79. Re8 Rh2+ 80. Kg3 Re2 81. Kf4 Rg2 82. Rf8+ Ke6 83. Re8+ Kd7 84. Rg8
Rf2+ 85. Ke5 Rf3 86. e4 fxe4 87. Kxe4 Ra3 88. Rxg4 Ra4+ 1/2-1/2

[Event "Tal Memorial 2010"]
[Site "Moscu RUS"]
[Date "2010.11.12"]
[Round "7.3"]
[White "Eljanov, Pavel"]
[Black "Karjakin, Sergey"]
[Result "1/2-1/2"]
[WhiteElo "2742"]
[BlackElo "2760"]
[PlyCount "111"]
[EventDate "2010.11.05"]
[EventType "tourn"]
[EventRounds "9"]
[EventCountry "RUS"]
[EventCategory "21"]
[Source "lmi"]
[SourceDate "2010.11.05"]

1. d4 Nf6 2. c4 e6 3. g3 d5 4. Bg2 Be7 5. Nf3 O-O 6. Bf4 dxc4 7. Qc2 c6 8. Qxc4
b5 9. Qc2 Bb7 10. O-O Nbd7 11. Nc3 Rc8 12. Ne5 Nxe5 13. Bxe5 Qb6 14. Qb3 Rfd8
15. Rad1 Nd7 16. Bf4 b4 17. Na4 Qb5 18. Qc2 Ba6 19. Bf3 e5 20. dxe5 Nxe5 21.
Bxe5 Qxe5 22. b3 c5 23. Nb2 Bf6 24. Nc4 Qc3 25. Qe4 Bxc4 26. Qxc4 Qxc4 27. bxc4
a5 28. Bg4 Ra8 29. Bf3 Rxd1 30. Rxd1 Ra7 31. Rd5 Be7 32. Bg4 Kf8 33. Rd7 Ra6
34. Bf5 a4 35. Bb1 Ke8 36. Rb7 b3 37. axb3 a3 38. Ba2 Bf6 39. b4 Rd6 40. bxc5
Rd2 41. c6 Kd8 42. Rd7+ Rxd7 43. cxd7 Kxd7 44. c5 Ke7 45. e3 Bc3 46. f4 f5 47.
Kf2 Bb4 48. e4 Bxc5+ 49. Kf3 fxe4+ 50. Kxe4 Kf6 51. g4 g5 52. f5 Be7 53. Bb3
Bc5 54. Ba2 Be7 55. Bb3 Bc5 56. Ba2 1/2-1/2